Pokroky v kriminalistike - 2022 zborník vedeckých prác a štúdií

Bibliographic Details
Other Authors: Barta, Matej, 1988- (Compiler), Cehlárik, Ľuboš, 1985- (Compiler)
Format: Book
Language:Slovak
Czech
English
Russian
PhysicalDescription:322 strán fotografie, schémy, tabuľky 21 cm
Published: Bratislava Akadémia Policajného zboru v Bratislave 2022
ISBN:9788080549466
Edition:1. vydanie
Subjects:

MARC

LEADER 00000nam a2200000 4500
001 vtls012153049
003 SK-MaSNL
005 20260302025437.0
008 221026s2021 xo od frn 000 0 slo
015 |a SNBA2023/01 
020 |a 9788080549466  |q (brožované) 
040 |a SNK  |b slo  |c SNK  |e rda 
041 0 |a slo  |a cze  |a eng  |a rus  |b cze  |b eng  |b rus 
044 |a xo  |c SK 
072 7 |a 343.9  |x Kriminológia  |2 konspekt 
080 |a 343.9  |2 2011 
080 |a (082)  |2 2011 
245 0 0 |a Pokroky v kriminalistike - 2022  |b zborník vedeckých prác a štúdií  |c zostavili: Matej Barta, Ľuboš Cehlárik 
250 |a 1. vydanie 
264 1 |a Bratislava  |b Akadémia Policajného zboru v Bratislave  |c 2022 
300 |a 322 strán  |b fotografie, schémy, tabuľky  |c 21 cm 
336 |a text  |b txt  |2 rdacontent 
337 |a bez média  |b n  |2 rdamedia 
338 |a zväzok  |b nc  |2 rdacarrier 
366 |e 80 kusov 
504 |a Bibliografia za jednotlivými príspevkami, bibliografické odkazy 
546 |a Príspevky a resumé aj v češtine, angličtine a ruštine 
650 0 7 |a kriminológia  |2 SNKPH  |9 2660 
650 0 7 |a kriminalistika  |2 SNKPH  |9 1688 
650 0 7 |a Criminology  |2 SNKPHeng  |9 317083 
650 0 7 |a Criminal investigation  |2 SNKPHeng  |9 275189 
655 7 |a zborníky  |2 SNKPH  |9 70165 
655 7 |a Papers of several authors  |2 SNKPHeng  |9 153738 
700 1 |a Barta, Matej,  |d 1988-  |4 com  |9 211312 
700 1 |a Cehlárik, Ľuboš,  |d 1985-  |4 com  |9 211313 
919 |a 978-80-8054-946-6 
954 |a odborná, vedecká literatúra pôvodná (slovenská)  |2 lita 
958 |a NB 
999 |c 1044208  |d 1046138 
952 |a SNK  |b SNK  |y PREZ  |7 0  |p 17A1494880  |o snkSC 199637  |i snk2022/16342  |8 0  |0 0  |1 0  |4 0  |d 2022-10-26  |l 0  |r 2025-10-22 00:00:00  |w 2026-02-24 
952 |a SNK  |b SNK  |y VYP  |7 0  |p 17A1494881  |o snkSC 199637 D1  |i snk2022/16343  |8 0  |0 0  |1 0  |4 0  |d 2022-10-26  |l 0  |r 2026-02-24 14:34:50  |w 2026-02-24